000 00408nam a2200133 a 4500
001 000046365
005 20201002052823.0
008 150805s1993 dr 000 0 spa d
040 _aDO-SdBNP
_bspa
_cBNPHU
100 1 _aMena, Miguel de.
_954892
245 1 0 _aSobre la dominicanidad de fin de siglo /
_cMiguel de Mena.
260 _aSanto Domingo :
_bEdiciones Armario Urbano,
_c1993.
300 _a31 p. ;
_c22 cm.
999 _c45854
_d45854